Quizzes
Events
Quiz Creation
Community
Videos
Private Events
Remove Ads
Sign In
Join for FREE
Feedback
Dark Mode
Quiz Categories
Sports
Geography
Music
Movies
Television
Just For Fun
Miscellaneous
History
Literature
Language
Science
Gaming
Entertainment
Religion
Holiday
For Kids
Quiz Lab
Recent
Popular Today
Quiz Kudos Today
Editor Picks
Curator Picks
Quizzes by...
Day
Popularity
Type
Ratings
Length
Year
Community
Subscriptions
Recent Discussions
Orange Saloon
Badges
Playlists
Quests
Create
Leaderboards
Showdown
Live 5
Trivia Bingo
Activity
Puzzle Library
Sporcle Events
Private Events
Virtual Trivia
Globe League
Become a Host
Pub Owners
SporcleCon
Opinionation
Our Games
Videos
Blog
Mobile Apps
Partnerships
Remove Ads and Go Orange
Feedback
Music
Pop Music
The Beatles
Song
Album
Lyrics
Bands
Singers
Artist
Clip
Rock
Rap
Classical
Billboard
Country Music
Kpop
Taylor Swift
Music
Pop Music
The Beatles
Song
Album
Lyrics
Bands
Singers
Artist
Clip
Rock
Rap
Classical
Billboard
Country Music
Kpop
Taylor Swift
Random Quiz
Search Sporcle
×
Quiz Lab
Quiz Lab
Music
Song
Type in answers that appear in a list
Type in answers that appear in a list
Classic
Best Score? Go Orange.
Opening Lyrics- Britney Spears Stats
Can you name the titles of the Britney Spears songs by their opening lines in 5 minutes?
By
oliviarae
5m
27 Questions
2,422 Plays
2,422 Plays
2,422 Plays
Comments
Comments
Give Quiz Kudos
Give Quiz Kudos
-
- Ratings
hide this ad
More Info
Replay
Link that replays current quiz
Next Quiz
Link to next quiz in quiz playlist
You Got
0%
They Got
Avg Score
63%
Avg Friend Score
Upgrade to see
Score Distribution
Jump to the score distribution portion of the page
Score
0/27
Timer
05:00
0
Plays Today
Lyrics
Title
% Correct
Baby, can't you see I'm calling? A guy like you should wear a warning. It's dangerous, I'm falling.
Toxic
91.9%
Oh baby, baby, how was I supposed to know that something wasn't right here?
Baby One More Time
89.8%
I think I did it again, I made you believe we're more than just friends.
Oops I Did It Again
89.1%
Oh baby, baby, have you seen Amy tonight? Is she in the bathroom? Is she smoking up outside?
If U Seek Amy
87.3%
There's only two types of people in the world: The ones that entertain and the ones that observe.
Circus
85.5%
Hush, just stop. There's nothing you can do or say, baby.
Stronger
85.1%
Early morning, she wakes up; knock, knock, knock on the door. It's time for makeup, perfect smile, it's you they're all waiting for.
Lucky
84.6%
Superstar, where you from? How's it going? I know you got a clue what you're doing.
Womanizer
82%
Baby, I'm so into you. You've got that something, what can I do?
(You Drive Me) Crazy
81.5%
All you people look at me like I'm a little girl. Well did you ever think it'd be okay for me to step into this world?
I'm a Slave 4 U
72.5%
Every time they turn the lights down, just wanna go that extra mile for you.
Gimme More
70.6%
Babe, pick a night to come out and play. If it's alright, what do you say? Merrier the more, triple fun that way. Twister on the floor, what do you say?
3
67.3%
Say hello to the girl that I am, you're going to have to see through my perspective.
Overprotected
62.7%
People can take everything away from you, but they can never take away your truth. But the question is, can you handle mine?
My Prerogative
58.1%
Lyrics
Title
% Correct
I used to think I had the answers to everyting. But now I know that life doesn't always go my way, yeah.
I'm Not a Girl, Not Yet a Woman
57.4%
And no one cares, it's whipping my hair, it's pulling my waist. To hell with stares, the sweat is dripping all over my face.
Me Against The Music
53.4%
This kitten got your tongue tied in knots I see. Spit it out 'cause I'm dying for company.
Till The World Ends
51.3%
[title] When I move my body, [title] When I'm at a party, [title] In my sexy jeans, [title].
Outrageous
50.4%
Somebody pass me my truck so I can ride on the clouds so I can turn up the bass like...
Do Somethin
49.9%
I'm sitting here alone up in my room, I'm thinking 'bout the times we've been through (oh my love).
Born To Make You Happy
49.4%
'Never look back' we said, how was I to know I'd miss you so? Loneliness up ahead, emptiness behind, where do I go?
From The Bottom of My Broken Heart
48.7%
[title], today I saw a boy and I wondered if he noticed me, he took my breath away. [title] I can't get him off my mind and it scares me 'cause I've never felt this way.
Dear Diary
45.2%
Lately, I've been stuck imagining what I wanna do and what I really think. Time to blow out.
I Wanna Go
42.5%
You don't like me, I don't like you, it don't matter. Only difference, you still listen, I don't have to.
Kill The Lights
41.1%
[title] When I'm driving in my car and that man comes on the radio, he's telling me more and more about some useless information.
(I Can't Get No) Satisfaction
40.9%
You used to say that I was special, everything was right, but now you think I'm wearing too much makeup, that my dress is too tight.
What U See (Is What U Get)
36.7%
Time is up, no more cheat n' lie, no more tears to dry, you and I, we're like so bye-
bye.
Don't Go Knocking On My Door
29.3%
Quiz Playlist
Details
Report
Send in Message
Add To Playlist
More Info:
Are you a true Britney Spears fan?
Classic:
Type in answers that appear in a list
Last Updated: Feb 16, 2017
Quiz Scoreboard
CHALLENGE
Sign Up to Join the Scoreboard
Show All
Scores
Hide
Comments
May contain spoilers
Recently Published
Billboard Blitz: Fleetwood Mac
by CooCooCachoo
Music
15s
Presidents Visiting Landmarks
by Hejman
History
7m
An Introduction to Baseball
by treessimontrees
Sports
5m
More to Explore
Quiz From the Vault
Featured Blog Post
Where Did the Easter Bunny Come From?
hide this ad
You Might Also Like...
Tags
Lyrics Quiz
Song Quiz
Britney
Britney Spears
Musical Songs
Musician
Opening Line
Opening Lyrics
Song List
Today's Top Quizzes in Music
Browse Music
hide this ad
Today's Top Quizzes in Song
Browse Song
Top Contributed Quizzes in Music
1
Taylor Swift All Songs (2024)
2
Guess the Artist- 70s Songs
3
7-to-1: Billboard Hot 100 #1 Hits of 2010s
4
Sorting Albums and Songs
5
Taylor Swift Logic Puzzle
6
KPOP LOGIC QUIZ
7
One Thing in Common: Music
8
Guess the Taylor Swift song (Mystery Song)
9
2010s Album by Cover III
10
Guess The Taylor Swift Lyrics Song #1
Explore More
Trending Topics
Anime
Harry Potter
Disney
NBA
Marvel
Crossword
Kpop
Soccer
Song
Puzzle
WWE
Country
NFL
The Office
Pokémon
hide this ad
More By:
oliviarae
Quiz
Plays
Rating
Category
Featured
Created
Opening Lyrics- Britney Spears
2,422
4.67
Music
Feb 29, 2012
Go to Creator's Profile
Score Distribution
Quiz Creator Spotlight
oliviarae
Follow
Send a Message
Quizzes Created
-
Created Quiz Play Count
-
More By This Creator
Popular Quizzes Today
1
Find the US States - No Outlines Minefield
2
Find the Countries of Europe - No Outlines Minefield
3
The Countries of the World
4
Find the US States
5
Risky Map Clicking: Biggest States A-Z
6
US States
7
Popular People in 1961
8
Movies - When Are They Set?
More Music Quizzes
My Favorite Taylor Swift Lyrics
Quiz Lab
Trending Quizzes
Risky Map Clicking: Least Populous States A-Z
1-10 Letter G Words
1-10 Letter F Words
Risky Map Clicking: Next State Alphabetically
Risky Map Clicking: Biggest States A-Z
Recently Updated
Leaping Animals
pecheneg
Reality TV Shows (A-Z)
bhenderson79
Rickey Henderson's Hall of Fame Teammates
pecheneg
Champions League XIs: Arsenal
pecheneg
Quick Pick: Celebrities in WWE's Hall of Fame
aduchscher
A-Z Keypad Blitz II
pecheneg
Multiple Oscar Actors
pecheneg
Mystery Phrase Blitz: Oscar 'Best Actors'
pecheneg
F. Scott Fitzgerald Novels
LTH
Pick 3 Villains
ddd62291
Trending Topics
Crossword
NBA
Kpop
Marvel
Disney
Harry Potter
Anime
Soccer
Puzzle
Country
Pokémon
The Office
NFL
Song
WWE
Your Account Isn't Verified!
In order to create a playlist on Sporcle, you need to verify the email address you used during registration. Go to your
Sporcle Settings
to finish the process.
Report this User
Report this user for behavior that violates our
Community Guidelines
.
Details:
Send Report
Go to the Sporcle.com Mobile Site →
Comments